000 00707nmc a2200253 a 4500
003 AR-BaBNM
005 20251128203539.0
008 217119s1965 ||||||||||||||000 | spa||
040 _cAR-BaBNM
100 1 _aStern, Arno
245 1 0 _aEl lenguaje plástico
_bestudio de los mecanismos de la creación artística del niño
260 _aBuenos Aires
_bKapelusz
_c1965
300 0 _a97 p.
_bil.
490 0 _aTécnicas de la educación artística
650 4 _aEDUCACION ARTISTICA
650 4 _aEXPRESION
650 4 _aESPACIO
650 4 _aIMAGEN
650 4 _aCREATIVIDAD
650 4 _aEVOLUCION DEL COMPORTAMIENTO
700 1 _aThomas, Juan Jorge
_etraductor
942 _cBK
998 _cCarmen
999 _c3886
_d3886